Manual de aplicación práctica de normas laborales
-д хадгалсан:
| Үндсэн зохиолч: | |
|---|---|
| Формат: | Ном |
| Хэл сонгох: | испани |
| Хэвлэсэн: |
Santiago
TECTRAPRE
1993
|
| Нөхцлүүд: | |
| Шошгууд: |
Шошго нэмэх
Шошго байхгүй, Энэхүү баримтыг шошголох эхний хүн болох!
|
MARC
| LEADER | 00000nam a2200000 a 4500 | ||
|---|---|---|---|
| 001 | UCV3569 | ||
| 003 | CL-VaPUC | ||
| 008 | 930910e19930000CL |||||||||||||||||spa|d | ||
| 082 | 0 | 4 | |a 344.01 |b NAD |2 21 |
| 100 | |a Nadal Serri, Daniel |e autor |9 295027 | ||
| 245 | 1 | 0 | |a Manual de aplicación práctica de normas laborales |
| 300 | |a 2 v | ||
| 942 | |c BK | ||
| 945 | |d 19930910 00:00:00 | ||
| 260 | |a Santiago |b TECTRAPRE |c 1993 | ||
| 650 | 7 | |a DERECHO LABORAL |2 CL-VaPUC |9 15 | |
| 650 | 0 | |a Manuales |9 257144 | |
| 651 | 7 | |a CHILE |2 CL-VaPUC |9 297813 | |
| 583 | |a last modification |c 20170711 03:57:55 |k Rodrigo Vera | ||
| 999 | |c 210732 |d 210730 | ||
| 952 | |0 0 |1 0 |4 0 |6 344_010000000000000_NAD_1993 |7 0 |8 A |9 187200 |a BIBDER |b BIBDER |d 2019-11-14 |h v.1 |i 2548933 |o 344.01 NAD 1993 |p 2548933 |r 2023-01-25 |w 2019-11-14 |y BK |k DER | ||
| 952 | |0 0 |1 0 |4 0 |6 344_010000000000000_NAD_1993 |7 0 |8 A |9 187201 |a BIBDER |b BIBDER |d 2019-11-14 |h v.2 |i 2548941 |o 344.01 NAD 1993 |p 2548941 |r 2023-01-25 |w 2019-11-14 |y BK |k DER | ||